| 000 | 01072nam a22002537a 4500 | ||
|---|---|---|---|
| 005 | 20170124103135.0 | ||
| 010 | _aA-774817 | ||
| 020 | _c100.00 | ||
| 035 | _aA-774817 | ||
| 037 | _bCen Lib/Ret | ||
| 040 |
_aDPL _bHN |
||
| 082 |
_aक _bपाण्डेय |
||
| 100 |
_aपाण्डेय, रामदास _984985 |
||
| 245 |
_aअस्तित्ववादी लघुकथाएं भाग -1 / _c रामदास पाण्डेय |
||
| 246 |
_aAstitvvadi laghukathayen bhag-1 _bby Raamdas Pandey |
||
| 260 |
_aबस्ती _bअस्तित्व प्रकाशन _c1884 |
||
| 270 |
_aसिविल लाइन्स _bबस्ती |
||
| 300 |
_a95पृष्ठ. _c17सेमी(सजिल्द) |
||
| 650 |
_aहिंदी साहित्य _984986 |
||
| 650 |
_aसमकालीन अस्तित्ववादी कथाएं _984987 |
||
| 650 |
_aHindi literature _984988 |
||
| 650 |
_aContemporary existential stories _984989 |
||
| 942 |
_2ddc _cHN _hक _mपाण्डेय |
||
| 999 |
_c119451 _d119451 |
||